<?xml version="1.0" encoding="UTF-8"?>
<record
    xmlns:xsi="http://www.w3.org/2001/XMLSchema-instance"
    xsi:schemaLocation="http://www.loc.gov/MARC21/slim http://www.loc.gov/standards/marcxml/schema/MARC21slim.xsd"
    xmlns="http://www.loc.gov/MARC21/slim">

  <leader>01270nam a22002297i 4500</leader>
  <datafield tag="999" ind1=" " ind2=" ">
    <subfield code="c">23144</subfield>
    <subfield code="d">23144</subfield>
  </datafield>
  <controlfield tag="003">AR-CdUCM</controlfield>
  <controlfield tag="008">241212b20222022 pe||||| |||| 00| 0 spa d</controlfield>
  <datafield tag="040" ind1=" " ind2=" ">
    <subfield code="a">MUNICIPALIDAD PROVINCIAL DEL CUSCO</subfield>
    <subfield code="c">BIBLIOTECA MUNICIPAL DEL CUSCO</subfield>
  </datafield>
  <datafield tag="082" ind1=" " ind2=" ">
    <subfield code="a">780 / M95</subfield>
    <subfield code="b">M95</subfield>
  </datafield>
  <datafield tag="110" ind1=" " ind2=" ">
    <subfield code="a">Municipalidad Provincial de Chumbivilcas. </subfield>
    <subfield code="9">50851</subfield>
  </datafield>
  <datafield tag="245" ind1=" " ind2=" ">
    <subfield code="a">Conjunto Pancho G&#xF3;mez Negr&#xF3;n :  </subfield>
    <subfield code="b">50 a&#xF1;os de trayectoria art&#xED;stica /</subfield>
  </datafield>
  <datafield tag="260" ind1=" " ind2=" ">
    <subfield code="a">Cusco: </subfield>
    <subfield code="b">Municipalidad Provincial de Chumbivilcas.</subfield>
    <subfield code="c">2022</subfield>
  </datafield>
  <datafield tag="300" ind1=" " ind2=" ">
    <subfield code="a">151 p&#xE1;ginas. :</subfield>
    <subfield code="c">35 cm.</subfield>
  </datafield>
  <datafield tag="505" ind1=" " ind2=" ">
    <subfield code="a">Homenaje al conjunto musical Pancho G&#xF3;mez Negr&#xF3;n -- Historia de Chumbivilcas -- Rese&#xF1;a hist&#xF3;rica del conjunto Pancho G&#xF3;mez Negr&#xF3;n -- Artistas que hicieron sus paso por el conjunto Pancho G&#xF3;mez Negr&#xF3;n -- Situaci&#xF3;n legal que ampara al conjunto musical  -- Biograf&#xED;a de los integrantes -- Cronolog&#xED;a -- Conciertos musicales en la provincia -- Conjunci&#xF3;n de connotados conjuntos musicales de Chumbivilcas -- Art&#xED;culos de personalidades -- Reconocimiento y galardones -- Patrimonio Cultural Vivo de la Regi&#xF3;n Cusco.</subfield>
  </datafield>
  <datafield tag="650" ind1=" " ind2=" ">
    <subfield code="a">M&#xFA;sica </subfield>
    <subfield code="9">1443</subfield>
  </datafield>
  <datafield tag="650" ind1=" " ind2=" ">
    <subfield code="a">Historia </subfield>
    <subfield code="9">50852</subfield>
  </datafield>
  <datafield tag="650" ind1=" " ind2=" ">
    <subfield code="a">Personalidades</subfield>
    <subfield code="9">31709</subfield>
  </datafield>
  <datafield tag="650" ind1=" " ind2=" ">
    <subfield code="a">Reconocimiento</subfield>
    <subfield code="9">50853</subfield>
  </datafield>
  <datafield tag="942" ind1=" " ind2=" ">
    <subfield code="2">ddc</subfield>
    <subfield code="c">LIBROS</subfield>
  </datafield>
  <datafield tag="945" ind1=" " ind2=" ">
    <subfield code="a">pbj</subfield>
    <subfield code="d">12-12-24</subfield>
  </datafield>
  <datafield tag="952" ind1=" " ind2=" ">
    <subfield code="0">0</subfield>
    <subfield code="2">ddc</subfield>
    <subfield code="4">0</subfield>
    <subfield code="7">0</subfield>
    <subfield code="a">SA</subfield>
    <subfield code="b">SA</subfield>
    <subfield code="c">CART</subfield>
    <subfield code="d">2024-12-12</subfield>
    <subfield code="e">Donaci&#xF3;n</subfield>
    <subfield code="g">20.00</subfield>
    <subfield code="o">780 / M95</subfield>
    <subfield code="p">SA0000000753</subfield>
    <subfield code="r">2024-12-12</subfield>
    <subfield code="y">LIBROS</subfield>
  </datafield>
</record>
